La sagrada familia

Bibliographic Details
Main Author: Gaudi, Antonio
Format: Section = Libro
Language:Undetermined
Spanish
Published: Barcelona Omega 1952
Subjects:
LEADER 00411nam a2200169Ia 4500
008 240829s9999 xx 000 0 und d
040 |a BIBLIOTECA-RUSB/ 720.946 G267 
041 |a spa 
082 |a 720.946 G267 
100 1 |a Gaudi, Antonio 
245 1 0 |a La sagrada familia 
260 |a Barcelona  |b Omega  |c 1952 
300 |a 80 p. :il. 
650 7 |a ARQUITECTURA-ESPAÑA 
942 |c BK  |2 ddc 
991 |a TEXTO 
999 |c 5077